| 000 | 00328 a2200121 4500 | ||
|---|---|---|---|
| 001 | 55493 | ||
| 082 | _a621.3822 CHA | ||
| 090 |
_c34436 _d34436 |
||
| 100 | _aChassaing, R. | ||
| 245 | _aDigital signal processing and applications with the C6713 and C6416 DSK + CD-ROM | ||
| 260 |
_aNJ USA _bWilley _c2004 |
||
| 300 | _a518 p. | ||
| 942 |
_aNUST-CAE _k621.3822 CHA |
||
| 999 |
_c290566 _d290566 |
||